00693nam a2200241 a 4500001001300000003000900013005001700022008004100039020002300080082001300103100002000116245002300136260004000159300000900199500003500208650002000243700001900263700002300282902000800305942000700313952011400320999001700434nice12345678IN_TiNIC20260116014523.0100216s2005 dela grp 000 0 eng  a8187358203 c59500a327bVOG aVogel, Bernhard aAfter the Iraq War aDelhi bSocial Science Press c2005 a200p aincludes index and biblioraphy aNew World Order1 aRudolf, Dolzer1 aMatthias, Herdegen bSRS cBK 001040708StackRoom-aHMIbHMId2010-02-16g595.00l0o327 VOGp023161r2010-02-16v595.00w2010-02-16yBK c15750d15750